Beginning Mathematica and Wolfram for Data Science : Applications in Data Analysis, Machine Learning, and Neural Networks /

Enhance your data science programming and analysis with the Wolfram programming language and Mathematica. The book will introduce you to the language and its syntax, as well as the structure of Mathematica and its advantages and disadvantages. --

Bibliographic Details
Main Author: Alva, Jalil Villalobos (Author)
Corporate Author: Knovel (Firm)
Format: eBook
Language:English
Published: [Place of publication not identified] : Apress, 2021.
Subjects:
Online Access:Connect to the full text of this electronic book

MARC

Tag First Indicator Second Indicator Subfields
LEADER 00000cam a2200000 i 4500
001 in00005676521
005 20260121211002.2
006 m o d
007 cr mn|||||||||
008 210601s2021 xx i ob 00| 0 eng d
040 |a BRF  |b eng  |e rda  |e pn  |e rda  |c BRF  |d OCLCO  |d OCLCF  |d K6U  |d OCLCO  |d OCL  |d OCLCQ  |d OCLCO  |d OCLCL  |d OCLCQ  |d OCLCL  |d SMC  |d OCLCQ 
019 |a 1515735561 
020 |a 1523150742 
020 |a 9781523150748 
020 |a 1484265947 
020 |a 9781484265949 
024 7 |a 10.1007/978-1-4842-6594-9  |2 doi 
035 |a (OCoLC)1267407571  |z (OCoLC)1515735561 
037 |a itpro 
050 1 4 |a T58.5  |b .A48 2021eb 
072 7 |a U  |2 bicssc 
072 7 |a COM000000  |2 bisacsh 
072 7 |a UX  |2 thema 
082 0 4 |a 004  |2 23 
049 |a TXAM 
100 1 |a Alva, Jalil Villalobos,  |e author. 
245 1 0 |a Beginning Mathematica and Wolfram for Data Science :  |b Applications in Data Analysis, Machine Learning, and Neural Networks /  |c by Jalil Villalobos Alva. 
264 1 |a [Place of publication not identified] :  |b Apress,  |c 2021. 
300 |a 1 online resource (416 pages) :  |b illustrations. 
336 |a text  |b txt  |2 rdacontent 
337 |a computer  |b c  |2 rdamedia 
338 |a online resource  |b cr  |2 rdacarrier 
504 |a Includes bibliographical references. 
520 |a Enhance your data science programming and analysis with the Wolfram programming language and Mathematica. The book will introduce you to the language and its syntax, as well as the structure of Mathematica and its advantages and disadvantages. --  |c Edited summary from book. 
555 0 |a Available in electronic full text to members of the University via the Library web catalogue. 
588 0 |a Online resource; title from title screen (Skillsoft Books). 
505 0 |a 1. Introduction to Mathematica -- 2. Data Manipulation -- 3. Working with Data and Datasets -- 4. Import and Export -- 5. Data Visualization -- 6. Statistical Data Analysis -- 7. Data Exploration -- 8. Machine Learning with the Wolfram Language -- 9. Neural Networks with the Wolfram Language -- 10. Neural Network Framework. 
650 0 |a Information technology. 
650 0 |a Databases. 
650 0 |a Electronic data processing. 
650 6 |a Technologie de l'information. 
650 7 |a information technology.  |2 aat 
650 7 |a Electronic data processing  |2 fast 
650 7 |a Databases  |2 fast 
650 7 |a Information technology  |2 fast 
655 7 |a Electronic books.  |2 local 
710 2 |a Knovel (Firm) 
758 |i has work:  |a Beginning Mathematica and Wolfram for Data Science (Text)  |1 https://id.oclc.org/worldcat/entity/E39PCXHtDKGQPwCfVdpvm76Th3  |4 https://id.oclc.org/worldcat/ontology/hasWork 
776 1 |z 1484265939 
856 4 0 |u http://proxy.library.tamu.edu/login?url=https://app.knovel.com/hotlink/toc/id:kpBMWDSAD1/beginning-mathematica-and?kpromoter=marc  |z Connect to the full text of this electronic book  |t 0 
936 |a BATCHLOAD 
955 |a Knovel ebooks 
994 |a 92  |b TXA 
999 f f |i 2ec65550-1018-456e-918c-e2cacf57b9fe  |s f4202ac4-24d9-4bd9-b096-a9aaaeab4926  |t 0 
952 f f |a Texas A&M University  |b College Station  |c Electronic Resources  |s www_evans  |d Available Online  |t 0  |e T58.5 .A48 2021eb  |h Library of Congress classification 
998 f f |a T58.5 .A48 2021eb  |t 0  |l Available Online